| 000 | 01778nam0a2200397 4500 | ||
|---|---|---|---|
| 001 | RU\NLR\bibl\53260 | ||
| 005 | 20260409073214.0 | ||
| 010 |
_a5-933-86-002-6 _91000 |
||
| 035 | _a(NLR Aleph) 000051964 | ||
| 090 |
_a278863 _c278863 |
||
| 100 | _a19991018d1999 u y0rusy50 ca | ||
| 101 | 0 |
_arus _ager |
|
| 102 | _aRU | ||
| 105 | _ay ||||||||| | ||
| 200 | 1 |
_aНемецко-русский словарь по вычислительной технике _dDeutsch-russisches Wörterbuch der Rechentechnik und Datenverarbeitung _e[Более 30000 терминов] _fБ.И. Зайчик, И.В. Фаградянц, В.А. Шаров _zeng |
|
| 210 |
_aМ. _cЭТС _d1999 |
||
| 215 |
_a464 с. _d22 |
||
| 300 | _aАвт. также на нем. яз.: B.I. Zaitschik, I.V. Fagradiants, W.A. Scharov | ||
| 510 | 0 |
_aDeutsch-russisches Wörterbuch der Rechentechnik und Datenverarbeitung _zger |
|
| 606 | 0 |
_aНемецкий язык _xТерминология вычислительной техники _xСловари _xРусский язык _91740394 _3RU\NLR\auth\66778734 |
|
| 606 | 0 |
_aКомпьютеры _jСловари _92078411 _3RU\NLR\auth\661254265 |
|
| 606 |
_aПрограммирование (компьют.) _jСловари _3RU\NLR\auth\661257252 _92081275 |
||
| 686 | _aШ143.24-434.1 | ||
| 686 | _aШ141.12-434.2 | ||
| 686 | _aЗ97я21 | ||
| 700 | 1 |
_aЗайчик _bБ. И. _4070 |
|
| 701 | 1 |
_4070 _8rus _7ca _aФаградянц _bИ.В. _gИгорь Владимирович _3RU\NLR\auth\7718531 _91608 |
|
| 701 | 1 |
_aШаров _bВ. А. _4070 |
|
| 801 | 0 |
_aRU _bNLR _c19991018 _gPSBO |
|
| 801 | 1 |
_aRU _bNLR _c19991018 |
|
| 852 |
_aNLR _jС К-2/7748 |
||
| 942 | _cBOOK | ||
| 980 | _aNB | ||